000 00647nam a2200229Ia 4500
003 GCL
008 140319s9999 xx 000 0 ara d
040 _aGCL /
_cGCL
082 0 4 _a8810.8
_bح ا
100 1 _aحسن غردنوش
245 1 0 _aاطياب من كلام الاعراب /
_cحسن غردنوش
260 _a[S.N] :
_bجروس برس
300 _a183 ص
490 _a
650 0 4 _aالشعر العربى
650 0 4 _aالادب العربى
650 0 4 _aالنثر العربى
650 0 4 _aاللغة العربية
650 0 4 _aالبلاغة العربية
650 0 4 _aالمجموعات
942 _2ddc
_cBK
999 _c55915
_d55915